000 00598nam a22001817a 4500
999 _c181556
_d181556
005 20210923151406.0
010 _aENG-129952
020 _a978-93-5388-731-5
_c550.00
035 _a EN-113484
037 _bDBAD/PUB
082 _a618.175
100 _aUsher,Kate
245 _aYour second phase:
_cby Kate Usher
_bReclaiming work and Relationship during and after menopause/
260 _bSage
_aIndia
_c2021
270 _bNew Delhi
_e110044
_aB1/1-1,Mohan Cooperative industrial Area Mathura road Post Bag 7
300 _a266p.
_c25cm(pbk)
942 _2ddc
_cEN
_h618.175
_mUSH